000 02276nam0a2200433 4500
001 RU\NLR\bibl\996776
005 20260406195451.0
010 _a5-7271-0773-3
_9150
021 _aRU
_b2006-52793
_92603
035 _a(nilc)RSL-KNO-002928330
035 _a63.4-216818
035 _aEL/0000079515
035 _a(NLR Aleph) 000984539
090 _a480302
_c480302
100 _a20060817d2006 |||y0rusy50 ca
101 0 _arus
102 _aRU
105 _ay |||||||||
106 _ar
200 1 _aАстрономическое и мировоззренческое содержание археологических памятников Южного Урала
_eтезисы докладов полевого семинара, 19-25 июня 2006 года, Аркаим
_f[отв. ред.: А.Д. Таиров]
210 _aЧелябинск
_cГОУ ВПО "Челябинский государственный университет"
_d2006
215 _a49 c.
_cил.
_d21
300 _aВ надзаг.: Гос. астрономический ин-т им. П. К. Штенберга Московского гос. ун-та, Ин-т археологии РАН, Челябинский гос. ун-т, Специализир. природно-ландшафтный и ист.-археологический центр "Аркаим"
320 _aБиблиогр.: с. 42-47
606 1 _aАрхеологические памятники
_jСъезды, совещания и т.п.
_yУрал Южный
_91020279
_3RU\NLR\auth\6672059
610 0 _aархеоастрономия
610 0 _aастроархеология
610 0 _aпалеоастрономия
686 _aТ4(2Р36,7)я431(2Р)
_2rubbk
686 _aТ4(2Р36)я431
702 1 _4340
_7ca
_8rus
_aТаиров
_bА. Д.
_f1955-
_gАлександр Дмитриевич
_92262
_3RU\NLR\auth\7719189
712 0 2 _4570
_aГосударственный астрономический институт им. П. К. Штернберга
_cМосква
_9413827
_3RU\NLR\AUTH\889958822
801 0 _aRU
_bNLR
_c20060817
_grcr
801 1 _aRU
_bNLR
_c20060817
801 1 _aRU
_bРГБ
_c20060817
801 2 _aRU
_bNLR
_c20061012
_grcr
942 _cBOOK
980 _aNB